000 00748nam a2200169Ia 4500
003 GCL
008 140319s9999 xx 000 0 ara d
040 _aGCL /
_cGCL
082 0 4 _a818
_bح ط
100 1 _aابن حزم : ابومحمد على بن احمد بن سعيد بن حزم بن غالب بن صالح الظاهرى
245 1 0 _aطوق الحمامة فى الالفة والالاف /
_cابن حزم : ابومحمد على بن احمد بن سعيد بن حزم بن غالب بن صالح الظاهرى
700 1 _aصلاح الدين القاسمى (مترجم)
490 _aالهيئة العامة للاستعلامات
_v0
650 0 4 _aالادب العربى
650 0 4 _aالنثر العربى
942 _2ddc
_cBK
999 _c47294
_d47294